000 00578nam a2200205 a 4500
001 000035919
005 20200930074724.0
008 111116s2009 dr 000 0 spa d
020 _a9789945131086
040 _aDO-SdBNP
_bspa
_cBNPHU
082 _axxxx
_bP349e
100 1 _aPeña, Nelly
_961933
245 1 0 _aEncuentro poderoso /
_cNelly Peña.
260 _aSanto Domingo :
_bMediabyte,
_c2009.
300 _a185 p. ;
_c21 cm.
490 1 _aLuz divina
500 _aIncluye datos biográficos de la autora en las solapas
830 0 _aLuz divina
_961934
049 _aBNPD
999 _c35410
_d35410